[Event "POL-chT 2nd League"]
[Site "Wysowa"]
[Date "2005.08.30"]
[Round "4.25"]
[White "Slaby, Jerzy"]
[Black "Zielinski, Grzegorz"]
[Result "1-0"]
[WhiteElo "2432"]
[BlackElo "2191"]
[PlyCount "49"]
[EventDate "2005.08.27"]
[EventType "team-swiss"]
[EventRounds "9"]
[EventCountry "POL"]
[SourceTitle "EXT 2019"]
[Source "ChessBase"]
[SourceDate "2018.10.10"]
[SourceVersion "1"]
[SourceVersionDate "2018.10.10"]
[SourceQuality "1"]
[WhiteTeam "Pultusk Nadnarwianka"]
[BlackTeam "Rolnik Roza"]
[WhiteTeamCountry "POL"]
[BlackTeamCountry "POL"]

1. e4 c5 2. Nf3 e6 3. Qe2 Nc6 4. g3 Nge7 5. Bg2 d5 6. d3 b6 7. 0-0 Bb7 8. Re1 g6 9. e5 Bg7 10. h4 d4 11. Nbd2 Qc7 12. Nc4 Nc8 13. h5 b5 14. h6 Bf8 15. Ncd2 Nb6 16. Ne4 0-0-0 17. Bg5 Be7 18. Nd6+ Bxd6 19. Bxd8 Rxd8 20. exd6 Qxd6 21. Ng5 Qf8 22. Qf3 Rd7 23. Nxe6 Qxh6 24. Nxc5 Ne5 25. Qf4 1-0

[Event "POL-chT U19 21th"]
[Site "Bydgoszcz"]
[Date "1990.??.??"]
[Round "?"]
[White "Zielinski, Grzegorz"]
[Black "Dawidow, Jacek"]
[Result "1/2-1/2"]
[WhiteElo "2265"]
[BlackElo "2385"]
[PlyCount "102"]
[EventDate "1990.08.05"]
[EventType "team-swiss"]
[EventRounds "11"]
[EventCountry "POL"]
[SourceTitle "EXT 2004"]
[Source "ChessBase"]
[SourceDate "2003.11.25"]
[SourceVersion "1"]
[SourceVersionDate "2003.11.25"]
[SourceQuality "1"]
[WhiteTeam "Debica Igloopol U19"]
[BlackTeam "Katowice Kolejarz U19"]
[WhiteTeamCountry "POL"]
[BlackTeamCountry "POL"]

1. e4 d6 2. d4 Nf6 3. Nc3 c6 4. g3 e6 5. Bg2 b5 6. a3 Nbd7 7. Nge2 Bb7 8. 0-0 a5 9. Qe1 b4 10. axb4 axb4 11. Rxa8 Qxa8 12. Nd1 c5 13. d5 Qa1 14. Ne3 Ba6 15. b3 g6 16. Bd2 Qxe1 17. Rxe1 Ke7 18. f3 Bh6 19. Bf1 Nb6 20. Ra1 Ra8 21. Kf2 Nfd7 22. Nc1 Bxf1 23. Rxa8 Nxa8 24. Nxf1 Bxd2 25. Nxd2 Nc7 26. Ke2 f5 27. Kd3 Nb5 28. Ne2 fxe4+ 29. fxe4 Nf6 30. h3 Nh5 31. Nf1 Kf6 32. Ke3 Nc3 33. Kd3 Nb5 34. Ke3 h6 35. Kf3 Ke7 36. Ne3 Nf6 37. Nc4 Nh7 38. Ke3 h5 39. h4 Nf6 40. Kf3 Ng4 41. Ne3 Nxe3 42. Kxe3 Kf6 43. Kd3 g5 44. Ng1 Nd4 45. Kd2 gxh4 46. gxh4 Ke7 47. Kd3 Kd7 48. Ne2 Nxe2 49. Kxe2 Kc7 50. Kd3 Kb6 51. Kd2 Kb5 1/2-1/2